Tiere nach Bild-schwer #3 - Statistiken

Allgemein
  • Dieses Quiz wurde 632 mal gespielt
  • Das Durchschnittsergebnis liegt bei 5 aus 12
Antwortstatistiken
Bildquiz Antwort % Korrekt
Schneeleopard
90%
Riesentukan
80%
Komodowaran
76%
Axolotl
68%
Weißhandgibbon
34%
Gämse
29%
Schlammspringer
29%
Kojote
28%
Moschusochse
28%
Kakerlake
26%
Andenkondor
21%
Großer Kudu
19%
Keine übereinstimmenden Quizze gefunden
Verteilung der Resultate
Anzahl Personen mit jedem Resultat
Perzentil nach korrekt beantworteten Fragen
Ihre Resultats-Entwicklung
Sie haben dieses Quiz noch nicht gespielt